20 Most Populated Cities in the World in 1600 - Statistics

General Stats
  • This quiz has been taken 70 times
  • The average score is 8 of 20
Answer Stats
Population Answer % Correct
241,250 Paris
97%
180,000 London
95%
706,040 Beijing
86%
699,200 Istanbul
85%
203,000 Cairo
74%
223,736 Naples
57%
300,000 Kyoto
51%
150,858 Venice
46%
179,600 Guangzhou
45%
194,000 Nanjing
43%
344,250 Osaka
42%
137,880 Xian
35%
269,600 Hangzhou
17%
488,000 Agra
15%
336,000 Lahore
14%
133,840 Suzhou
14%
151,055 Edirne
8%
187,500 Ahmedabad
5%
198,000 Bijapur
2%
148,449 Pegu
2%
No matching quizzes found
Score Distribution
Percent of People with Each Score
Percentile by Number Answered
Your Score History
You have not taken this quiz